LEADER 00794nam a2200241 i 4500 001 000000219697 003 CaOOAMICUS 005 20200109125334.0 008 130404s2001 it u000 u ita u 013 $a198594 020 $a88-304-1971-0 040 $aSeMil$bita 245 13$aIl Paradiso. 300 $a[88] c. di tav. :$bill. 500 $aFondo card. C. M. Martini. 773 0 $aBandirali, Antonio$tDal verso all'immagine.$dVarese : Lativa, 1999.$g3$w()28343 850 $aSeMil 852 $aSeMil$W1$xVenegono$y1$m1A VI 3$j170058$B170058$CSeMilBibl$Z2$F187506 $81 941 1 $a4 961 $aLascito: Martini Card. Carlo Maria 996 $6020$a88-304-1971-0$9(OLS)http://semarc/number/217905 996 $6245$aIl Paradiso$9(OLS)http://semarc/title/94806 LEADER 01072nam a2200193 i 4500 001 000000046028 003 CaOOAMICUS 005 20230721142028.0 008 120626s1855 fr u000 u fre u 040 $aSeMil$bita 100 1 $aOzanam, Antoine-Frédéric,$c.$0(OLS)http://semarc/name/2749 245 13$aLa civilisation chrétienne chez les francs :$brecherches sur l'histoire ecclésiastique, politique et littéraire des temps mérovingiens et sur le règne de Charlemagne. 250 $a2. éd. 300 $a564 p. 773 0 $aOzanam, Antoine-Frédéric $tÉtudes germaniques.$b2. éd.$dParis : Lecoffre et C., 1855.$kOeuvres complétes de A. F. Ozanam$g2$w()26959 850 $aSeMil 852 $aSeMil$W1$xVenegono$y1$m2A IV 16 FA$j12183$B12183$CSeMilBibl$Z2$F12183 $8I 996 $6245$aLa civilisation chrétienne chez les francs :$brecherches sur l'histoire ecclésiastique, politique et littéraire des temps mérovingiens et sur le règne de Charlemagne$9(OLS)http://semarc/title/68656